<?xml version="1.0" encoding="UTF-8"?>
<resp>
  <nextPage>https://data.bn.org.pl/api/networks/bibs.marcxml?marc=001+b00001150001911&amp;sinceId=1150001912</nextPage>
  <collection>
    <record xmlns='http://www.loc.gov/MARC21/slim'><leader>01178namZa2200373ZiZ4500</leader><controlfield tag='001'>b00001150001911</controlfield><controlfield tag='005'>20260403094907.1</controlfield><controlfield tag='008'>230609s        pl           |000 0 pol c</controlfield><controlfield tag='009'>9913261709705606</controlfield><datafield ind1=' ' ind2=' ' tag='020'><subfield code='a'>9788374694971</subfield></datafield><datafield ind1=' ' ind2=' ' tag='035'><subfield code='a'>KR_1KR_1_20120317233041086129-48omnis_kr</subfield></datafield><datafield ind1=' ' ind2=' ' tag='035'><subfield code='a'>KR_1_20120317233041086129</subfield><subfield code='9'>ExL</subfield></datafield><datafield ind1=' ' ind2=' ' tag='035'><subfield code='a'>(PL)b00001150001911</subfield></datafield><datafield ind1=' ' ind2=' ' tag='040'><subfield code='a'>KR_1</subfield><subfield code='c'>KR_1</subfield></datafield><datafield ind1='1' ind2=' ' tag='041'><subfield code='a'>pol</subfield><subfield code='h'>eng</subfield></datafield><datafield ind1='1' ind2=' ' tag='100'><subfield code='a'>Eddings, David</subfield></datafield><datafield ind1='1' ind2='0' tag='245'><subfield code='a'>Najdroższa /</subfield><subfield code='c'>David &amp; Leigh Eddings ; przeł. Agnieszka Barbara Ciepłowska.</subfield></datafield><datafield ind1=' ' ind2=' ' tag='260'><subfield code='a'>W-wa :</subfield><subfield code='b'>Prószyński i S-ka,</subfield><subfield code='c'>cop. 2004.</subfield></datafield><datafield ind1=' ' ind2=' ' tag='300'><subfield code='a'>319 s. ;</subfield><subfield code='c'>21 cm.</subfield></datafield><datafield ind1='1' ind2=' ' tag='490'><subfield code='a'>Fantastyka.</subfield></datafield><datafield ind1='1' ind2=' ' tag='490'><subfield code='a'>Marzyciele ;</subfield><subfield code='v'>ks. 2</subfield></datafield><datafield ind1=' ' ind2=' ' tag='500'><subfield code='a'>p</subfield></datafield><datafield ind1=' ' ind2='9' tag='650'><subfield code='a'>Powieść amerykańska</subfield><subfield code='y'>20 w.</subfield></datafield><datafield ind1='1' ind2=' ' tag='700'><subfield code='a'>Eddings, Leigh</subfield></datafield><datafield ind1='1' ind2=' ' tag='700'><subfield code='a'>Ciepłowska, Agnieszka</subfield><subfield code='e'>Tł.</subfield></datafield><datafield ind1=' ' ind2=' ' tag='852'><subfield code='b'>48OMNIS_NETWORK</subfield><subfield code='8'>9913261709705606</subfield></datafield><datafield ind1=' ' ind2=' ' tag='852'><subfield code='b'>48OMNIS_WBP</subfield><subfield code='8'>990007593010308414</subfield></datafield><datafield ind1=' ' ind2=' ' tag='852'><subfield code='b'>48OMNIS_BOL</subfield><subfield code='8'>990007593010308413</subfield></datafield><datafield ind1=' ' ind2=' ' tag='852'><subfield code='8'>22739948090008413</subfield><subfield code='j'>1</subfield><subfield code='b'>001WD</subfield><subfield code='p'>00101-000154996</subfield><subfield code='c'>WD</subfield></datafield><datafield ind1=' ' ind2=' ' tag='920'><subfield code='a'>978-83-7469-497-1</subfield></datafield></record>
  </collection>
</resp>
